| 000 | 00760nam a22002537i 4500 | ||
|---|---|---|---|
| 003 | URS | ||
| 005 | 20251001091328.0 | ||
| 008 | 181206s2003 -ph||||| |||| 00| 0 eng d | ||
| 020 | _a9716856407 | ||
| 040 |
_beng _erda _cURS |
||
| 050 | 1 | 4 |
_aLB 1025.3 _bC8174 2003 |
| 100 | 1 |
_aCorpuz, Brenda B, _eauthor |
|
| 245 | 1 | 0 | _aPrinciples and strategies of teaching / Brenda B. Corpuz, Gloria G. Salandanan. |
| 264 | 1 |
_aQuezon City : _bLorimar Publishing, _c2003. |
|
| 300 |
_a126 pages _c26 cm |
||
| 336 |
_atext _btxt _2rdacontent |
||
| 337 |
_aunmediated _bn _2rdamedia |
||
| 338 |
_avolume _bnc _2rdacarrier |
||
| 500 | _aIncludes bibliographical references. | ||
| 526 | _aBSE | ||
| 650 | 0 | _aTeaching | |
| 700 | 1 |
_aSalandanan, Gloria G. _eauthor |
|
| 942 |
_cF _2lcc |
||
| 999 |
_c5800 _d5800 |
||